000 00282nam a2200121Ia 4500
008 190216s9999||||xx |||||||||||||| ||und||
100 _aSinha P K
245 0 _aComputer Fundamentals
260 _bBpb Publications
_c1992
300 _a247p
650 _aComputer Science
942 _cBK
999 _c8491
_d8491